NMIXX Name all songs - Statistics

General Stats
  • This quiz has been taken 101 times
  • The average score is 5 of 8
Answer Stats
Song % Correct
Dice
96%
O.O
95%
Tank
89%
Cool
68%
Funky Glitter Christmas
53%
Kiss
53%
Hey Gabby!
46%
Sprinkle Party
41%
No matching quizzes found
Score Distribution
Percent of People with Each Score
Percentile by Number Answered
Your Score History
You have not taken this quiz